000 03012cam a2200325 4500500
005 20260412000404.0
041 _afre
042 _adc
100 1 0 _aMarfaing, Gavin
_eauthor
245 0 0 _aDe l’intérêt des innovations juridiques en droit de l’environnement
260 _c2026.
500 _a67
520 _aL’innovation juridique est un objet peu étudié par la doctrine juridique environnementaliste française. À notre connaissance, seuls deux articles publiés par Gilles J. Martin traitent de ce sujet, en définissant le concept et en recherchant des manifestations d’innovations dans le droit positif. Néanmoins, ces articles ne recherchent pas l’intérêt des innovations juridiques pour améliorer la protection de l’environnement. En ce sens, cet article cherche à démontrer l’hypothèse selon laquelle il est d’abord nécessaire d’évaluer les effets du droit pour évaluer dans un second temps l’intérêt d’une innovation donnée (comme les droits de la nature). À cette fin, la recherche empirique a un rôle capital à jouer en ce qu’elle peut permettre d’évaluer les effets du droit de l’environnement et d’identifier les mécanismes producteurs desdits effets. Par ailleurs, l’évaluation des effets du droit peut aider à penser ex ante l’intérêt d’une innovation ainsi qu’à des évolutions du droit moins incertaines consistant à adapter des instruments existants.
520 _aLegal innovation is a subject little studied by French environmentalist legal scholarship. To our knowledge, only two articles published by Gilles J. Martin deal with this subject, defining it and looking for manifestations of innovation in existing law. However, these articles do not explore the value of legal innovations in improving environmental protection. In this sense, this article seeks to demonstrate the hypothesis that it is first necessary to evaluate the effects of the law to subsequently assess the value of a given innovation (such as the rights of nature). To this end, empirical research has a vital role to play in that it enables the assessment of the effects of environmental law and identify the mechanisms that produce these effects. Evaluating the effects of the law can also help to assess ex ante the value of an innovation, as well as less uncertain changes to the law by adapting existing instruments.
690 _aadaptation
690 _abiodiversité
690 _adroit de l’environnement
690 _aeffectivité
690 _aeffets
690 _aefficacité
690 _ainnovation juridique
690 _aAdaptation
690 _aBiodiversity
690 _aEffectiveness
690 _aEffects
690 _aEnvironmental law
690 _aLegal innovation
786 0 _nRevue juridique de l’environnement | 51 | 1 | 2026-03-17 | p. 105-116 | 0397-0299
856 4 1 _uhttps://droit.cairn.info/revue-revue-juridique-de-lenvironnement-2026-1-page-105?lang=fr&redirect-ssocas=7080
999 _c2209874
_d2209874